[Event "Roncana op-A 12th"]
[Site "Santa Eulalia de Roncana"]
[Date "2018.11.17"]
[Round "7"]
[White "Aleksanyan, Radmila"]
[Black "Lopez Nadal, Alex"]
[Result "1-0"]
[WhiteElo "1686"]
[BlackElo "1798"]
[PlyCount "149"]
[EventDate "2018.09.29"]
[EventType "swiss"]
[EventRounds "8"]
[EventCountry "ESP"]
[SourceTitle "CBM 187 Extra"]
[Source "ChessBase"]
[SourceDate "2018.11.04"]
[SourceVersion "1"]
[SourceVersionDate "2018.11.04"]
[SourceQuality "1"]

1. e4 c5 2. Nf3 Nc6 3. h3 g6 4. d4 cxd4 5. Nxd4 Bg7 6. Nb3 Nf6 7. Nc3 0-0 8. Bf4 d6 9. Bc4 a6 10. 0-0 b5 11. Bd3 Bb7 12. a3 Qc7 13. Re1 Rad8 14. Bf1 e5 15. Be3 Ne7 16. Bg5 d5 17. Bxf6 Bxf6 18. Qf3 Bg7 19. Qg3 dxe4 20. Nxe4 Nf5 21. Qc3 Qxc3 22. Nxc3 Rfe8 23. Nc5 Bc8 24. Rad1 Nd4 25. Bd3 Rd6 26. N3e4 Rc6 27. c3 Ne6 28. Nb3 f5 29. Ng3 Nf4 30. Bc2 Be6 31. Ne2 Nd5 32. Na5 Rc7 33. Bb3 Nf6 34. Bxe6+ Rxe6 35. Nf4 Ree7 36. Nd5 Nxd5 37. Rxd5 Kf7 38. Rd6 Re6 39. Red1 Ke7 40. Rd8 Bf6 41. R1d5 e4 42. Nb3 f4 43. Nd4 Bxd4 44. Rxd4 e3 45. Kf1 e2+ 46. Ke1 g5 47. R8d5 Kf6 48. Rd6 Rce7 49. Rxe6+ Rxe6 50. Rd2 h6 51. Rxe2 Rd6 52. Rd2 Re6+ 53. Kd1 Kg6 54. Kc2 Kh5 55. b3 f3 56. g3 g4 57. Rd5+ Kg6 58. hxg4 Re2+ 59. Rd2 Re6 60. c4 Kg5 61. c5 Kxg4 62. Kd3 Kh3 63. Rc2 Kg2 64. c6 Rd6+ 65. Ke4 Re6+ 66. Kf4 Re2 67. Rc1 Kxf2 68. c7 Re8 69. c8Q Rxc8 70. Rxc8 Kg2 71. Rc2+ f2 72. Ke3 Kxg3 73. Rxf2 h5 74. Rf8 h4 75. Kd4 1-0

[Event "Llinars del Valles op-A 12th"]
[Site "Llinars del Valles"]
[Date "2018.05.26"]
[Round "6"]
[White "Aleksanyan, Radmila"]
[Black "Collazo Gibanel, Sergio"]
[Result "1/2-1/2"]
[WhiteElo "1686"]
[BlackElo "1808"]
[PlyCount "111"]
[EventDate "2018.04.14"]
[EventType "swiss"]
[EventRounds "8"]
[EventCountry "ESP"]
[SourceTitle "CBM 184 Extra"]
[Source "ChessBase"]
[SourceDate "2018.06.28"]
[SourceVersion "1"]
[SourceVersionDate "2018.06.28"]
[SourceQuality "1"]

1. e4 d5 2. exd5 Nf6 3. Be2 Nxd5 4. d4 Bf5 5. a3 e6 6. Nf3 Bd6 7. c4 Nf4 8. Bf1 c6 9. g3 Nh3 10. Nc3 Qf6 11. Bxh3 Bxh3 12. Ne4 Qd8 13. Nxd6+ Qxd6 14. Bf4 Qd8 15. Ng5 Bf5 16. c5 Qd5 17. 0-0 0-0 18. Bd6 f6 19. g4 Re8 20. gxf5 fxg5 21. Qh5 Nd7 22. Rfe1 Qxf5 23. Re3 Nf6 24. Qe2 Qg4+ 25. Qxg4 Nxg4 26. Rg3 Nf6 27. Re1 g4 28. Be5 Rf8 29. Bxf6 Rxf6 30. Rxg4 Raf8 31. Re2 Kf7 32. b4 g6 33. a4 Ke7 34. b5 Kd7 35. Rge4 Re8 36. Kg2 Rh8 37. Kg3 a6 38. Rb2 a5 39. bxc6+ Kxc6 40. Rb6+ Kd5 41. f3 Rhf8 42. Rd6+ Kc4 43. Rdxe6 Rxf3+ 44. Kg4 Rf2 45. Re7 R8f7 46. h4 Kb4 47. Re8 Kxa4 48. Ra8 Kb5 49. d5 Kxc5 50. Rxa5+ Kb6 51. Ra3 Rg2+ 52. Kh3 Rd2 53. Rb3+ Kc5 54. Reb4 Kxd5 55. Rxb7 Rxb7 56. Rxb7 1/2-1/2

[Event "Llinars del Valles op-A 12th"]
[Site "Llinars del Valles"]
[Date "2018.04.21"]
[Round "2"]
[White "Ayats Llobera, Gerard"]
[Black "Aleksanyan, Radmila"]
[Result "1-0"]
[WhiteElo "2374"]
[BlackElo "1686"]
[PlyCount "47"]
[EventDate "2018.04.14"]
[EventType "swiss"]
[EventRounds "8"]
[EventCountry "ESP"]
[SourceTitle "CBM 184 Extra"]
[Source "ChessBase"]
[SourceDate "2018.06.28"]
[SourceVersion "1"]
[SourceVersionDate "2018.06.28"]
[SourceQuality "1"]

1. Nf3 d5 2. d4 Nf6 3. e3 c6 4. Bd3 Bg4 5. h3 Bh5 6. 0-0 e6 7. c4 Be7 8. Qb3 Qc7 9. Nc3 Bxf3 10. gxf3 Nbd7 11. cxd5 exd5 12. e4 0-0 13. e5 Nh5 14. Qc2 g6 15. Nxd5 Qd8 16. Nf4 Ng7 17. Be3 c5 18. dxc5 Nxe5 19. Be4 Qc8 20. Qc3 Bf6 21. Bd4 Re8 22. Nd5 Qd8 23. f4 Bh4 24. Bxe5 1-0

[Event "Roncana op-A 10th"]
[Site "Santa Eulalia de Roncana"]
[Date "2016.10.08"]
[Round "3"]
[White "Benito Cabezas, Ana"]
[Black "Aleksanyan, Radmila"]
[Result "0-1"]
[WhiteElo "1876"]
[BlackElo "1577"]
[PlyCount "114"]
[EventDate "2016.09.24"]
[EventType "swiss"]
[EventRounds "8"]
[EventCountry "ESP"]
[SourceTitle "EXT 2018"]
[Source "ChessBase"]
[SourceDate "2017.10.13"]
[SourceVersion "1"]
[SourceVersionDate "2017.10.13"]
[SourceQuality "1"]

1. d4 d5 2. Nf3 Nf6 3. Bf4 h6 4. e3 Bf5 5. c3 e6 6. Nbd2 Be7 7. Qb3 Qc8 8. Be2 Nbd7 9. h3 a6 10. 0-0 c5 11. a4 0-0 12. Qd1 Qc6 13. Ne5 Nxe5 14. Bxe5 c4 15. b3 b5 16. Bxf6 gxf6 17. bxc4 bxc4 18. Bh5 Kh8 19. f4 Rg8 20. Bxf7 Rg7 21. Qh5 Rf8 22. Kh2 Rfxf7 23. g4 Bd3 24. Rg1 Qc7 25. Nf3 Be4 26. Nh4 Bd6 27. Rg3 Kh7 28. Rag1 Bg6 29. Nxg6 Rxg6 30. Kh1 e5 31. Qf5 exf4 32. exf4 Bxf4 33. Rf3 Bg5 34. Rb1 Qd7 35. Qxd7 Rxd7 36. Rb6 Rgg7 37. Rxa6 Ra7 38. Rd6 Rgd7 39. Rxd7+ Rxd7 40. Rf5 Kg6 41. a5 Kf7 42. Kg2 Ke6 43. Rf2 Ra7 44. Ra2 Kd6 45. Kg3 Ra6 46. h4 Bc1 47. Kf3 Kc6 48. Rc2 Ba3 49. Re2 Kb5 50. Kf4 Kxa5 51. Kf5 Ka4 52. Kg6 Kb3 53. Re3 Bc1 54. Rf3 Bd2 55. Rf5 Rd6 56. Kf7 Bxc3 57. Ke7 Bb4 0-1

[Event "Roncana op-A 10th"]
[Site "Santa Eulalia de Roncana"]
[Date "2016.09.24"]
[Round "1"]
[White "Cordomi Fons, Francesco"]
[Black "Aleksanyan, Radmila"]
[Result "1-0"]
[WhiteElo "1868"]
[BlackElo "1577"]
[PlyCount "125"]
[EventDate "2016.09.24"]
[EventType "swiss"]
[EventRounds "8"]
[EventCountry "ESP"]
[SourceTitle "EXT 2018"]
[Source "ChessBase"]
[SourceDate "2017.10.13"]
[SourceVersion "1"]
[SourceVersionDate "2017.10.13"]
[SourceQuality "1"]

1. e4 e5 2. Nf3 Nc6 3. Bc4 Be7 4. c3 Nf6 5. Qe2 0-0 6. 0-0 d6 7. h3 h6 8. d4 exd4 9. cxd4 d5 10. exd5 Nxd5 11. Nc3 Nb6 12. Bb3 Re8 13. Qd3 Nb4 14. Qg6 N4d5 15. Qh5 Be6 16. Ne4 Nf6 17. Nxf6+ Bxf6 18. Bxe6 Rxe6 19. Ne5 Qe7 20. b3 Bxe5 21. dxe5 Rxe5 22. Qf3 c6 23. Bb2 Re2 24. Qc3 Qg5 25. Rae1 Nd5 26. Rxe2 Nxc3 27. Bxc3 Rd8 28. Re3 Qf5 29. Rg3 g6 30. Re1 Kf8 31. Rge3 b6 32. a4 g5 33. Re7 Qd3 34. R7e3 Qd5 35. Bf6 Rc8 36. h4 g4 37. b4 Qf5 38. Bc3 a6 39. Be5 c5 40. Bc3 c4 41. Bd4 b5 42. axb5 axb5 43. Re5 Qd3 44. Bc5+ Kg7 45. R1e3 Qd2 46. Re2 Qc1+ 47. Re1 Qb2 48. R1e2 Qb3 49. R2e4 c3 50. Rxg4+ Kf6 51. Bd4 Qd1+ 52. Re1+ Kf5 53. Rxd1 Kxg4 54. g3 Rc4 55. Bc5 Kf3 56. Kf1 c2 57. Rc1 f5 58. Ke1 f4 59. gxf4 Kxf4 60. Kd2 Kg4 61. Rxc2 Re4 62. Kd3 Rf4 63. Ke3 1-0

[Event "Barcelona Sant Marti op-B 4th"]
[Site "Barcelona"]
[Date "2015.01.29"]
[Round "3"]
[White "Torres Martinez, Jordi"]
[Black "Aleksanyan, Radmila"]
[Result "0-1"]
[WhiteElo "1829"]
[BlackElo "1926"]
[PlyCount "58"]
[EventDate "2015.01.15"]
[EventType "swiss"]
[EventRounds "9"]
[EventCountry "ESP"]
[SourceTitle "EXT 2016"]
[Source "ChessBase"]
[SourceDate "2015.10.08"]
[SourceVersion "1"]
[SourceVersionDate "2015.10.08"]
[SourceQuality "1"]

1. e4 e5 2. Nf3 Nf6 3. Nc3 Nc6 4. d4 exd4 5. Nxd4 Bb4 6. Nxc6 bxc6 7. Bd3 d5 8. exd5 0-0 9. 0-0 cxd5 10. Bg5 c6 11. Qf3 Be7 12. Rfe1 Qd6 13. h3 h6 14. Bf4 Qd8 15. Bxh6 gxh6 16. Qg3+ Kh8 17. Qe3 Ng8 18. Qe5+ Bf6 19. Qh5 Bg7 20. Re3 d4 21. Rf3 dxc3 22. Rxf7 cxb2 23. Rb1 Rxf7 24. Qxf7 Qg5 25. f4 Qg3 26. Rxb2 Bd4+ 27. Kh1 Qe1+ 28. Kh2 Bg1+ 29. Kh1 Bf2+ 0-1

[Event "Barcelona Sant Marti op 3rd"]
[Site "Barcelona"]
[Date "2014.01.16"]
[Round "1"]
[White "Aleksanyan, Radmila"]
[Black "Anguera Maestro, Jaime"]
[Result "0-1"]
[WhiteElo "1887"]
[BlackElo "2263"]
[PlyCount "82"]
[EventDate "2014.01.16"]
[EventType "swiss"]
[EventRounds "9"]
[EventCountry "ESP"]
[SourceTitle "EXT 2015"]
[Source "ChessBase"]
[SourceDate "2014.11.20"]
[SourceVersion "1"]
[SourceVersionDate "2014.11.20"]
[SourceQuality "1"]

1. e4 d5 2. e5 c5 3. c3 d4 4. d3 Nc6 5. f4 f6 6. Nf3 Bg4 7. Be2 Bxf3 8. Bxf3 Qc7 9. e6 f5 10. Qa4 Rd8 11. Na3 g6 12. Nc4 Bg7 13. Bd2 Kf8 14. Bxc6 Qxc6 15. Qxc6 bxc6 16. Ne5 Bxe5 17. fxe5 Rd5 18. Bf4 Kg7 19. c4 Rd8 20. Rb1 Rb8 21. 0-0 h6 22. h4 h5 23. Bg5 Rb7 24. b3 Nh6 25. a3 Ng4 26. Rfe1 Rhb8 27. b4 Kf8 28. Bd2 a5 29. b5 cxb5 30. Bxa5 bxc4 31. Rxb7 Rxb7 32. dxc4 Ne3 33. Bd2 f4 34. g3 Rb2 35. Bxe3 fxe3 36. Kf1 Rf2+ 37. Kg1 Ra2 38. Rb1 d3 39. Rb8+ Kg7 40. Re8 d2 41. Rxe7+ Kh6 0-1

[Event "Santa Eugenia op 7th"]
[Site "Santa Eugenia"]
[Date "2013.02.15"]
[Round "6"]
[White "Garcia Castany, Jose"]
[Black "Aleksanyan, Radmila"]
[Result "0-1"]
[WhiteElo "1440"]
[BlackElo "1604"]
[PlyCount "64"]
[EventDate "2013.01.11"]
[EventType "swiss"]
[EventRounds "9"]
[EventCountry "ESP"]
[SourceTitle "EXT 2014"]
[Source "ChessBase"]
[SourceDate "2013.11.20"]
[SourceVersion "1"]
[SourceVersionDate "2013.11.20"]
[SourceQuality "1"]

1. d4 Nf6 2. c4 e5 3. dxe5 Ng4 4. Nf3 Nc6 5. a3 Ngxe5 6. Nxe5 Nxe5 7. e3 b6 8. Be2 Be7 9. b3 Bb7 10. 0-0 Bf6 11. Ra2 0-0 12. Qc2 a5 13. f4 Nc6 14. Bf3 Rb8 15. Nc3 g6 16. Nd5 Bg7 17. Qd3 Ne7 18. Rc2 Nxd5 19. cxd5 d6 20. Bd2 Qc8 21. Rfc1 Ba6 22. Qe4 Re8 23. Qa4 Re7 24. Qc6 b5 25. Ra2 Rb6 26. Qxb6 cxb6 27. Rxc8+ Bxc8 28. Rc2 Bb7 29. Kf2 f5 30. h3 h5 31. Bc3 Rc7 32. Bxg7 Rxc2+ 0-1

[Event "Santa Eugenia op 7th"]
[Site "Santa Eugenia"]
[Date "2013.01.18"]
[Round "2"]
[White "Aleksanyan, Radmila"]
[Black "Saurina Suner, Francesc Xavier"]
[Result "0-1"]
[WhiteElo "1604"]
[BlackElo "1867"]
[PlyCount "48"]
[EventDate "2013.01.11"]
[EventType "swiss"]
[EventRounds "9"]
[EventCountry "ESP"]
[SourceTitle "EXT 2014"]
[Source "ChessBase"]
[SourceDate "2013.11.20"]
[SourceVersion "1"]
[SourceVersionDate "2013.11.20"]
[SourceQuality "1"]

1. e4 e5 2. Nf3 Nc6 3. Bb5 f5 4. d3 fxe4 5. dxe4 Nf6 6. 0-0 d6 7. Bg5 Be6 8. Nc3 Be7 9. Nd5 0-0 10. Nxe7+ Qxe7 11. Bxc6 bxc6 12. Nh4 Qe8 13. Qd3 Rb8 14. b3 Nd7 15. Qg3 Qh5 16. f4 h6 17. Be7 Rf7 18. Ng6 exf4 19. Rxf4 Rxf4 20. Nxf4 Qe5 21. Re1 Bxb3 22. Bxd6 cxd6 23. axb3 Rf8 24. Qg4 Qxf4 0-1

[Event "Castell de Tona op 2nd"]
[Site "Castell de Tona"]
[Date "2012.12.06"]
[Round "2"]
[White "Aleksanyan, Radmila"]
[Black "Oms Bruguera, Arnau"]
[Result "1-0"]
[WhiteElo "1867"]
[BlackElo "1795"]
[PlyCount "61"]
[EventDate "2012.12.06"]
[EventType "swiss"]
[EventRounds "6"]
[EventCountry "ESP"]
[SourceTitle "EXT 2014"]
[Source "ChessBase"]
[SourceDate "2013.11.20"]
[SourceVersion "1"]
[SourceVersionDate "2013.11.20"]
[SourceQuality "1"]

1. e4 c6 2. d4 d5 3. e5 Bf5 4. Bd3 Bxd3 5. Qxd3 e6 6. Nf3 Be7 7. b3 Nd7 8. Be3 h5 9. c4 Nb6 10. c5 Nd7 11. Qd2 Nh6 12. Ng5 b6 13. b4 b5 14. a4 a6 15. 0-0 Nf8 16. Nc3 Ng6 17. Ne2 Nf5 18. f4 Qb8 19. Bf2 Qb7 20. Ng3 Ngh4 21. Qd1 Nxg3 22. Bxg3 Nf5 23. Rf3 Qd7 24. axb5 cxb5 25. Rc3 Qc6 26. Bf2 Bxg5 27. fxg5 g6 28. g4 hxg4 29. Qxg4 Ke7 30. h4 Raf8 31. Ra5 1-0

[Event "Barcelona Primavera La Lira op 5th"]
[Site "Barcelona"]
[Date "2012.05.24"]
[Round "6"]
[White "Aleksanyan, Radmila"]
[Black "Gonzalez Garcia, Sergi"]
[Result "0-1"]
[WhiteElo "1742"]
[BlackElo "1812"]
[PlyCount "62"]
[EventDate "2012.04.19"]
[EventType "swiss"]
[EventRounds "9"]
[EventCountry "ESP"]
[SourceTitle "CBM 148 Extra"]
[Source "ChessBase"]
[SourceDate "2012.06.22"]
[SourceVersion "1"]
[SourceVersionDate "2012.06.22"]
[SourceQuality "1"]

1. g4 d5 2. Bg2 Bxg4 3. Nc3 e6 4. d4 Nf6 5. Bf4 Bd6 6. Bg3 a6 7. a3 0-0 8. Qd3 c6 9. e4 dxe4 10. Nxe4 Bxg3 11. hxg3 Bf5 12. 0-0-0 Nbd7 13. f3 Qc7 14. Bh3 Bg6 15. Ne2 Rfd8 16. Nf4 Bxe4 17. fxe4 Nc5 18. Qf3 Ncxe4 19. Nh5 Qa5 20. Nxf6+ Nxf6 21. Bf1 Qd5 22. Be2 Qxf3 23. Bxf3 Rd6 24. g4 Rad8 25. g5 Nd5 26. Rh4 f6 27. Be4 f5 28. Bf3 g6 29. Rdh1 R8d7 30. Bh5 gxh5 31. Rxh5 Nf4 0-1

[Event "Barcelona Primavera La Lira op 5th"]
[Site "Barcelona"]
[Date "2012.04.26"]
[Round "2"]
[White "Aleksanyan, Radmila"]
[Black "Cantan Bertoz, Jordi"]
[Result "1-0"]
[WhiteElo "1742"]
[BlackElo "1627"]
[PlyCount "73"]
[EventDate "2012.04.19"]
[EventType "swiss"]
[EventRounds "9"]
[EventCountry "ESP"]
[SourceTitle "CBM 148 Extra"]
[Source "ChessBase"]
[SourceDate "2012.06.22"]
[SourceVersion "1"]
[SourceVersionDate "2012.06.22"]
[SourceQuality "1"]

1. e4 e5 2. Nf3 d6 3. Bc4 f5 4. d4 fxe4 5. Nxe5 Nf6 6. Nf7 Qe7 7. Nxh8 d5 8. Bb3 Bg4 9. Qd2 Nc6 10. Nc3 0-0-0 11. h3 Be6 12. Qd1 Qb4 13. Be3 Bd6 14. a3 Qa5 15. Ba2 Rxh8 16. 0-0 Ne7 17. b4 Qb6 18. Na4 Qb5 19. Nc5 Bxc5 20. bxc5 Qd7 21. a4 Bxh3 22. f3 Nf5 23. Qe2 Ng3 24. Qb5 c6 25. Qa5 Nxf1 26. Rxf1 Nh5 27. fxe4 Qg4 28. Rf2 Re8 29. Qxa7 Qd1+ 30. Kh2 Qg4 31. Qa8+ Kd7 32. Qxb7+ Kd8 33. Qb6+ Ke7 34. Bxd5 Qg3+ 35. Kg1 cxd5 36. Bg5+ Qxg5 37. Qd6# 1-0

[Event "Vic op 31st"]
[Site "Vic"]
[Date "2011.12.13"]
[Round "7"]
[White "Aleksanyan, Radmila"]
[Black "Gonzalez Domingo, Enric"]
[Result "1-0"]
[WhiteElo "1700"]
[BlackElo "1779"]
[PlyCount "63"]
[EventDate "2011.10.18"]
[EventType "swiss"]
[EventRounds "8"]
[EventCountry "ESP"]
[SourceTitle "EXT 2013"]
[Source "ChessBase"]
[SourceDate "2012.11.22"]
[SourceVersion "1"]
[SourceVersionDate "2012.11.22"]
[SourceQuality "1"]

1. e4 c5 2. Nf3 d6 3. Bc4 e6 4. Nc3 Nc6 5. 0-0 Nf6 6. Re1 Be7 7. d4 cxd4 8. Nxd4 0-0 9. f4 Nxd4 10. Qxd4 e5 11. Qf2 Ng4 12. Qf3 Qb6+ 13. Be3 Qxb2 14. Nd5 Bd8 15. c3 Nxe3 16. Qxe3 Be6 17. Rab1 Qa3 18. Kh1 Rc8 19. Bb3 exf4 20. Qxf4 Bxd5 21. Bxd5 b6 22. Rf1 Bf6 23. Rb3 Qc5 24. c4 Qc7 25. Qf5 Rce8 26. Rh3 h6 27. Qg4 Bg5 28. Rhf3 Re7 29. h4 Bd2 30. Rf5 Qd7 31. R1f3 g6 32. Qxg6+ 1-0

[Event "Barcelona Tona op 1st"]
[Site "Barcelona"]
[Date "2011.12.08"]
[Round "7"]
[White "Aleksanyan, Radmila"]
[Black "Sole Balaguer, Josep M"]
[Result "1-0"]
[WhiteElo "1700"]
[BlackElo "1902"]
[PlyCount "75"]
[EventDate "2011.12.05"]
[EventType "swiss"]
[EventRounds "8"]
[EventCountry "ESP"]
[SourceTitle "CBM 145 Extra"]
[Source "ChessBase"]
[SourceDate "2012.01.03"]
[SourceVersion "1"]
[SourceVersionDate "2012.01.03"]
[SourceQuality "1"]

1. e4 e5 2. Nf3 Nc6 3. Bc4 d6 4. c3 h6 5. h3 Nf6 6. d4 exd4 7. cxd4 Be7 8. Nc3 0-0 9. 0-0 Na5 10. Bd3 b6 11. b4 Nb7 12. Bc2 Nh7 13. Qd3 f5 14. Nd5 fxe4 15. Qxe4 Nf6 16. Nxe7+ Kh8 17. Ng6+ Kg8 18. Bb3+ d5 19. Bxd5+ Nxd5 20. Nxf8 Kxf8 21. Qe5 Nf6 22. Bf4 Nd6 23. Rac1 Bb7 24. Rfe1 Bxf3 25. gxf3 a5 26. bxa5 Rxa5 27. Qe6 Nfe8 28. Bxd6+ Nxd6 29. Re5 Ra3 30. Kg2 Rd3 31. d5 Ra3 32. Rc6 Rxa2 33. Qg6 Ra8 34. f4 b5 35. f5 Rc8 36. Re6 Qg5+ 37. Qxg5 hxg5 38. Rexd6 1-0

[Event "Barcelona Tona op 1st"]
[Site "Barcelona"]
[Date "2011.12.05"]
[Round "2"]
[White "Herms Agullo, Jordi"]
[Black "Aleksanyan, Radmila"]
[Result "1-0"]
[WhiteElo "2170"]
[BlackElo "1700"]
[PlyCount "79"]
[EventDate "2011.12.05"]
[EventType "swiss"]
[EventRounds "8"]
[EventCountry "ESP"]
[SourceTitle "CBM 145 Extra"]
[Source "ChessBase"]
[SourceDate "2012.01.03"]
[SourceVersion "1"]
[SourceVersionDate "2012.01.03"]
[SourceQuality "1"]

1. e4 e5 2. Nf3 Nc6 3. Bb5 Nge7 4. c3 d5 5. Nxe5 dxe4 6. Nxc6 bxc6 7. Bc4 Nd5 8. 0-0 Bc5 9. Qe2 Qe7 10. Bxd5 cxd5 11. b4 Bb6 12. a4 a5 13. b5 0-0 14. Ba3 Bc5 15. Bxc5 Qxc5 16. Qe3 Qd6 17. d3 f5 18. dxe4 fxe4 19. Nd2 c6 20. c4 cxb5 21. axb5 dxc4 22. Nxc4 Qg6 23. Nxa5 Rf3 24. Qd4 Bh3 25. Qd5+ Rf7 26. Qxa8+ Rf8 27. Qd5+ Kh8 28. g3 Bxf1 29. Rxf1 Qg4 30. Nc4 Qf3 31. b6 h5 32. Nd2 Qd3 33. Qxd3 exd3 34. Rb1 Kh7 35. f4 Kh6 36. b7 Rb8 37. Kf2 g5 38. Rb6+ Kg7 39. fxg5 Kf7 40. Ke3 1-0

[Event "Vic op 31st"]
[Site "Vic"]
[Date "2011.11.29"]
[Round "6"]
[White "Vicente Soriano, Josep"]
[Black "Aleksanyan, Radmila"]
[Result "1-0"]
[WhiteElo "1849"]
[BlackElo "1700"]
[PlyCount "49"]
[EventDate "2011.10.18"]
[EventType "swiss"]
[EventRounds "8"]
[EventCountry "ESP"]
[SourceTitle "EXT 2013"]
[Source "ChessBase"]
[SourceDate "2012.11.22"]
[SourceVersion "1"]
[SourceVersionDate "2012.11.22"]
[SourceQuality "1"]

1. e4 e5 2. Nc3 Nf6 3. f4 d6 4. Nf3 Bg4 5. d3 Nc6 6. Be2 Bxf3 7. Bxf3 Nd4 8. 0-0 Qd7 9. Be3 Nxf3+ 10. Qxf3 h5 11. a4 Ng4 12. h3 Nxe3 13. Qxe3 b6 14. a5 f6 15. axb6 cxb6 16. Nd5 Rc8 17. c4 h4 18. Ra2 f5 19. Rfa1 fxe4 20. Qxe4 Qe6 21. Rxa7 Rh5 22. Nc7+ Rxc7 23. Rxc7 Be7 24. Raa7 Bf6 25. Qc6+ 1-0

[Event "Vic op 31st"]
[Site "Vic"]
[Date "2011.10.18"]
[Round "1"]
[White "Aleksanyan, Radmila"]
[Black "Saborit Verdaguer, Roger"]
[Result "1-0"]
[WhiteElo "1700"]
[BlackElo "1612"]
[PlyCount "87"]
[EventDate "2011.10.18"]
[EventType "swiss"]
[EventRounds "8"]
[EventCountry "ESP"]
[SourceTitle "EXT 2013"]
[Source "ChessBase"]
[SourceDate "2012.11.22"]
[SourceVersion "1"]
[SourceVersionDate "2012.11.22"]
[SourceQuality "1"]

1. e4 c5 2. Bc4 e6 3. Nc3 Ne7 4. Qf3 Nbc6 5. Nge2 Ne5 6. Qg3 Nxc4 7. d3 Nb6 8. Bf4 d5 9. Nb5 Ng6 10. Nc7+ Kd7 11. Nxa8 Nxa8 12. exd5 exd5 13. d4 Qf6 14. c3 Bd6 15. Bxd6 Qxd6 16. Qf3 f6 17. dxc5 Qxc5 18. b4 Qd6 19. Rd1 Nb6 20. 0-0 Ne5 21. Qg3 g5 22. f4 Nec4 23. Nd4 a6 24. a4 Nxa4 25. Rc1 Kc7 26. b5 Re8 27. bxa6 bxa6 28. Qd3 Re4 29. fxg5 Nab2 30. Qg3 Qxg3 31. hxg3 fxg5 32. Rf7+ Kd6 33. Rxh7 Re7 34. Rh6+ Be6 35. Nf5+ Kd7 36. Nxe7 Kxe7 37. Re1 a5 38. Rhxe6+ Kd7 39. Rg6 Kd8 40. Rxg5 Ne3 41. Rg6 Ke8 42. Ra6 Kf7 43. Ra7+ Kg8 44. Rc1 1-0